Vplyv spotreby domácností na kvalitu života vo Francúzsku bakalárska práca

Enregistré dans:
Détails bibliographiques
Auteur principal: Vendžúrová, Michaela
Collectivité auteur: Obchodná fakulta EU. Katedra medzinárodného obchodu
Autres auteurs: Holková, Vieroslava
Format: Livre
Langue:slovaque
Publié: Bratislava 2011
Tags: Ajouter un tag
Pas de tags, Soyez le premier à ajouter un tag!

MARC

LEADER 00000nam a2200000 4500
001 0151107
005 20240320072219.0
041 0 |a slo 
044 |a SK 
245 1 0 |a Vplyv spotreby domácností na kvalitu života vo Francúzsku  |b bakalárska práca  |c Michaela Vendžúrová ; školiteľ: Vieroslava Holková 
264 1 |a Bratislava  |c 2011 
300 |a 43 s. 
100 1 |a Vendžúrová, Michaela 
700 1 |a Holková, Vieroslava 
710 2 |a Obchodná fakulta EU. Katedra medzinárodného obchodu